L`examen clinique en psychologie

Saved in:
Bibliografiske detaljer
Hovedforfatter: Rey, André (Author)
Format: Bog
Sprog:spansk
Udgivet: París Presses Universitaires de France 1958
Serier:Le Psychologue, 1
Fag:
Tags: Tilføj Tag
Ingen Tags, Vær først til at tagge denne postø!

MARC

LEADER 00000nam a2200000 a 4500
001 UCY6062
003 CL-VaPUC
008 950521e19580000FR |||||||||||||||||spa|d
082 0 4 |a 158  |b REY  |2 21 
100 0 |a Rey, André  |e author  |9 335658 
245 1 2 |a L`examen clinique en psychologie 
300 |a 222 p 
942 |c BK 
945 |d 19950521 00:00:00  |a mfernand 
260 |a París  |b Presses Universitaires de France  |c 1958 
650 0 |a Psicología clínica  |9 307259 
650 7 |a INVESTIGACION PSICOLOGICA  |2 CL-VaPUC  |9 309030 
650 0 |a Psicología aplicada   |9 270762 
650 0 |a Pruebas psicológicas  |9 307459 
583 |a last modification  |c 19950521 00:00:00  |k Rodrigo Vera 
490 0 |a Le Psychologue, 1 
999 |c 233645  |d 233643 
952 |0 0  |1 0  |4 0  |6 158_000000000000000_REY_1958  |7 0  |8 P  |9 239308  |a BIBEDU  |b BIBEDU  |c BIBEDU_PB  |d 2019-11-18  |i 1505610  |o 158 REY 1958  |p 1505610  |r 2024-01-25  |w 2019-11-18  |y BK  |k EDU